[Event "7eme open international de La Fere"]
[Site "La Fere (FRA)"]
[Date "2008.07.12"]
[Round "9.20"]
[White "Lecouteux, Guilhem"]
[Black "Bensdorp, Marlies"]
[Result "0-1"]
[WhiteElo "2027"]
[BlackElo "2284"]
[PlyCount "56"]
[EventDate "2008.??.??"]

1. d4 d5 2. c4 e6 3. Nf3 c6 4. e3 Nf6 5. Nbd2 Nbd7 6. b3 Bd6 7. Bb2 Qe7 8. Ne5
O-O 9. Bd3 c5 10. O-O Rd8 11. f4 Nf8 12. Qc2 Bd7 13. Ndf3 Rac8 14. g4 cxd4 15.
g5 Nh5 16. Bxd4 dxc4 17. bxc4 Bc5 18. Qg2 Be8 19. Ng4 Nxf4 20. exf4 Bxd4+ 21.
Nxd4 Qc5 22. Ne5 Rxd4 23. Kh1 Ng6 24. Bxg6 hxg6 25. Qxb7 Rxc4 26. Rad1 Rc2 27.
Qb3 Bb5 28. Rf3 Be2 0-1

[Event "7eme open international de La Fere"]
[Site "La Fere (FRA)"]
[Date "2008.07.12"]
[Round "9.21"]
[White "Houriez, Clement"]
[Black "Cozette, Michael"]
[Result "1-0"]
[WhiteElo "2276"]
[BlackElo "2026"]
[PlyCount "131"]
[EventDate "2008.??.??"]

1. e4 c5 2. Nf3 d6 3. d4 cxd4 4. Nxd4 Nf6 5. Nc3 a6 6. Be2 e5 7. Nb3 Be7 8. Bg5
Be6 9. Bxf6 Bxf6 10. Nd5 Bg5 11. h4 Be7 12. Qd3 Bxd5 13. Qxd5 Qc7 14. c3 Nd7
15. g3 Nf6 16. Qd3 Qc6 17. Bf3 O-O 18. O-O b5 19. Na5 Qc7 20. b4 Rac8 21. Rfc1
d5 22. exd5 Bd6 23. Nc6 Rce8 24. Re1 Nd7 25. Bg2 f5 26. Qc2 Nb6 27. a4 e4 28.
axb5 axb5 29. Ra7 Qc8 30. Nd4 Qc4 31. Bf1 Qxd5 32. Nxb5 Bb8 33. Ra5 Qc6 34. Nd4
Qg6 35. Bg2 Nd7 36. Qa2+ Kh8 37. Ra6 Qg4 38. Qe2 Ne5 39. Qxg4 Nxg4 40. b5 e3
41. f4 Nf2 42. Nc2 Ng4 43. Bf3 Rc8 44. Rc6 Rxc6 45. bxc6 Re8 46. Bxg4 fxg4 47.
Kf1 Ba7 48. Ke2 Kg8 49. Rb1 Rc8 50. Rb7 Bc5 51. c7 Bd6 52. Rb8 Rxb8 53. cxb8=Q+
Bxb8 54. Nxe3 h5 55. Kd3 Kf7 56. Ke4 Ba7 57. Nd1 Ke6 58. f5+ Kd6 59. Ne3 Bb8
60. Nd5 Kc5 61. Nf4 Kc4 62. Nxh5 Kxc3 63. Nxg7 Bxg3 64. h5 Bh4 65. h6 Bf6 66.
Nh5 1-0

[Event "7eme open international de La Fere"]
[Site "La Fere (FRA)"]
[Date "2008.07.12"]
[Round "9.27"]
[White "Lamerant, Olivier"]
[Black "Feryn, Benjamin"]
[Result "1-0"]
[WhiteElo "2090"]
[BlackElo "1918"]
[PlyCount "53"]
[EventDate "2008.??.??"]

1. e4 e5 2. Nc3 Nf6 3. f4 Nc6 4. fxe5 Nxe5 5. d4 Ng6 6. e5 Ng8 7. Nf3 d5 8. Bd3
Bg4 9. h3 Bxf3 10. Qxf3 Qh4+ 11. Qf2 Qxf2+ 12. Kxf2 N8e7 13. Ne2 O-O-O 14. Rf1
f6 15. exf6 gxf6 16. Ng3 Nc6 17. c3 Be7 18. Bh6 Bf8 19. Bd2 Be7 20. Rae1 Rhf8
21. Bh6 Rfe8 22. Nh5 Bf8 23. Rxe8 Rxe8 24. Nxf6 Re7 25. Bxf8 Nxf8 26. Nxd5 Re8
27. Kg1 1-0

[Event "7eme open international de La Fere"]
[Site "La Fere (FRA)"]
[Date "2008.07.12"]
[Round "9.30"]
[White "Caulier, Amaury"]
[Black "Vandervorst, Marc"]
[Result "0-1"]
[WhiteElo "1600"]
[BlackElo "1877"]
[PlyCount "82"]
[EventDate "2008.??.??"]

1. d4 Nf6 2. c4 g6 3. Nc3 Bg7 4. Nf3 d6 5. b4 O-O 6. e3 c5 7. bxc5 dxc5 8. Be2
cxd4 9. exd4 Nc6 10. Bb2 Bg4 11. Ne5 Bxe2 12. Nxe2 Nxe5 13. dxe5 Qxd1+ 14. Rxd1
Ng4 15. f4 Ne3 16. Rd3 Nxc4 17. Ba3 Nxa3 18. Rxa3 f6 19. exf6 exf6 20. O-O f5
21. Rd1 Rfe8 22. Nc3 Rad8 23. Nd5 Bf8 24. Rad3 Bc5+ 25. Kf1 Kf7 26. Nc7 Rxd3
27. Rxd3 Re7 28. Nb5 a6 29. Rd5 b6 30. Nd6+ Ke6 31. Rd3 Bxd6 32. g3 Kd7 33. Kf2
Kc6 34. Kf3 Re4 35. Rc3+ Bc5 36. Rc2 Re3+ 37. Kg2 b5 38. Kh3 a5 39. Kh4 b4 40.
Kg5 a4 41. Kh6 Re7 0-1

[Event "7eme open international de La Fere"]
[Site "La Fere (FRA)"]
[Date "2008.07.12"]
[Round "9.31"]
[White "Gobeaut, Benjamin"]
[Black "Harnik, Cecilien"]
[Result "0-1"]
[WhiteElo "1732"]
[BlackElo "1871"]
[PlyCount "70"]
[EventDate "2008.??.??"]

1. d4 Nf6 2. Nf3 g6 3. c4 Bg7 4. Nc3 O-O 5. Bg5 d6 6. e3 Nbd7 7. b4 c6 8. Qb3
e5 9. Be2 Qe7 10. c5 d5 11. O-O e4 12. Nd2 h6 13. Bf4 Ne8 14. Bg3 Kh7 15. f3 f5
16. fxe4 fxe4 17. b5 Ndf6 18. Be5 Ng4 19. Bxg7 Nxg7 20. Rxf8 Qxf8 21. Rf1 Qe7
22. Bxg4 Bxg4 23. h3 Be6 24. Ne2 Qg5 25. Nf4 Bd7 26. Nxe4 dxe4 27. Qf7 Rd8 28.
bxc6 bxc6 29. Kh2 h5 30. d5 cxd5 31. Nxd5 Be6 32. Nf6+ Kh6 33. Qe7 Rd2 34. Rg1
Rf2 35. Qf8 Qxf6 0-1

[Event "7eme open international de La Fere"]
[Site "La Fere (FRA)"]
[Date "2008.07.12"]
[Round "9.32"]
[White "Gonzalez Garcia, Pierre-Emmanuel"]
[Black "Poulain, Andre"]
[Result "1/2-1/2"]
[WhiteElo "1643"]
[BlackElo "1835"]
[PlyCount "89"]
[EventDate "2008.??.??"]

1. d4 Nf6 2. Nf3 d5 3. Bf4 c6 4. e3 e6 5. a3 Be7 6. c4 Nbd7 7. c5 Ne4 8. Nbd2
Nxd2 9. Qxd2 O-O 10. Bd3 e5 11. Nxe5 Nxe5 12. Bxe5 f5 13. Qe2 Qe8 14. Qf3 Qg6
15. h4 h5 16. Be2 Qg4 17. Rh3 Qxf3 18. Rxf3 g6 19. Rg3 Kf7 20. Rh3 Ke6 21. Rg3
Kf7 22. Rh3 Bd7 23. Kd2 Rae8 24. Rah1 Bxc5 25. Rg3 Re6 26. f3 Bd6 27. Bxd6 Rxd6
28. Rg5 Ke7 29. g4 fxg4 30. fxg4 hxg4 31. Bxg4 Bxg4 32. Rxg4 Rf2+ 33. Kc3 Rdf6
34. h5 gxh5 35. Rxh5 Rf7 36. Re5+ Kd7 37. b3 Re7 38. Rgg5 Rxe5 39. Rxe5 Ra2 40.
Rh5 Rxa3 41. Rh7+ Kc8 42. Kb4 Ra1 43. Kc5 Rf1 44. Rh8+ Kd7 45. Rh7+ 1/2-1/2

[Event "7eme open international de La Fere"]
[Site "La Fere (FRA)"]
[Date "2008.07.12"]
[Round "9.33"]
[White "Lever, Erwan"]
[Black "Casier, Fabrice"]
[Result "1/2-1/2"]
[WhiteElo "1536"]
[BlackElo "1831"]
[PlyCount "55"]
[EventDate "2008.??.??"]

1. d4 Nf6 2. Nf3 e6 3. Bf4 d5 4. e3 c5 5. c4 Nc6 6. Nc3 a6 7. Bd3 Be7 8. O-O
O-O 9. a3 dxc4 10. Bxc4 b5 11. Be2 cxd4 12. Nxd4 Nxd4 13. Qxd4 Qxd4 14. exd4
Bb7 15. Rac1 Rac8 16. Rfd1 Rfd8 17. Be3 Nd5 18. Bf3 Nxc3 19. Bxb7 Ne2+ 20. Kf1
Nxc1 21. Bxc8 Rxc8 22. Rxc1 Rxc1+ 23. Bxc1 Bf6 24. Be3 Kf8 25. Ke2 Ke7 26. Kd3
Kd6 27. Kc3 a5 28. b3 1/2-1/2

[Event "7eme open international de La Fere"]
[Site "La Fere (FRA)"]
[Date "2008.07.12"]
[Round "9.34"]
[White "Pavillon, Guillaume"]
[Black "Aernouts, Ludovic"]
[Result "0-1"]
[WhiteElo "1797"]
[BlackElo "1692"]
[PlyCount "52"]
[EventDate "2008.??.??"]

1. c4 Nf6 2. Nc3 c6 3. e4 e5 4. Nf3 d6 5. d4 Bg4 6. dxe5 Bxf3 7. Qxf3 dxe5 8.
a3 a5 9. Be3 Be7 10. Be2 O-O 11. O-O a4 12. Qg3 Re8 13. Rad1 Qc7 14. Bh6 Bf8
15. f4 Re6 16. Bg5 Ne8 17. f5 Rd6 18. h4 f6 19. Be3 Kh8 20. Qf2 Nd7 21. c5 Rxd1
22. Rxd1 Ra5 23. Bh5 Qc8 24. Qd2 Nxc5 25. Qd8 Ra8 26. Bxe8 Qxd8 0-1

[Event "7eme open international de La Fere"]
[Site "La Fere (FRA)"]
[Date "2008.07.12"]
[Round "9.35"]
[White "Durot, Edwige"]
[Black "Siauve, Julien"]
[Result "0-1"]
[WhiteElo "1793"]
[BlackElo "1682"]
[PlyCount "66"]
[EventDate "2008.??.??"]

1. e4 e6 2. d4 d5 3. Nd2 dxe4 4. Nxe4 Nd7 5. Nf3 Ngf6 6. Bg5 Be7 7. Nxf6+ Nxf6
8. c3 Bd7 9. Ne5 Bc6 10. Nxc6 bxc6 11. Bc4 Rb8 12. Rb1 Nd5 13. Bxe7 Qxe7 14.
O-O Qg5 15. Qa4 Kd7 16. Qxa7 Nb6 17. Bxe6+ fxe6 18. Qa6 Rhf8 19. Qe2 Rf6 20.
Rfe1 Rbf8 21. Rf1 Nd5 22. h3 h5 23. Qe5 Rf5 24. Qe4 Rf4 25. Qe5 R8f5 26. Qe2
Rh4 27. g3 Rxh3 28. Rbe1 Nf4 29. Qe4 h4 30. Re3 hxg3 31. fxg3 Rxg3+ 32. Kf2
Nh3+ 33. Ke2 Rxe3+ 0-1

[Event "7eme open international de La Fere"]
[Site "La Fere (FRA)"]
[Date "2008.07.12"]
[Round "9.37"]
[White "Tenot, Fabrice"]
[Black "Honore, Adrien"]
[Result "1-0"]
[WhiteElo "1760"]
[BlackElo "1290"]
[PlyCount "37"]
[EventDate "2008.??.??"]

1. Nf3 d5 2. e3 Nc6 3. c4 e6 4. cxd5 exd5 5. d4 Nf6 6. Bb5 Bd7 7. O-O Bd6 8.
Nc3 O-O 9. a3 a6 10. Be2 Re8 11. Qc2 Qc8 12. Bd3 Bg4 13. Ng5 g6 14. Be2 Bxe2
15. Qxe2 Ne4 16. Ngxe4 dxe4 17. Qc2 Qg4 18. Nd5 Rac8 19. Nf6+ 1-0

[Event "7eme open international de La Fere"]
[Site "La Fere (FRA)"]
[Date "2008.07.12"]
[Round "9.39"]
[White "Dutel, Francois"]
[Black "Soveaux, Jean"]
[Result "0-1"]
[WhiteElo "1871"]
[BlackElo "1660"]
[PlyCount "82"]
[EventDate "2008.??.??"]

1. d4 Nf6 2. c4 d5 3. Nf3 g6 4. cxd5 Nxd5 5. e4 Nb6 6. Be2 Bg7 7. e5 O-O 8. Nc3
e6 9. O-O Nc6 10. Be3 Ne7 11. Qd2 Nf5 12. Bf4 Kh8 13. Rfd1 Nd5 14. Rac1 Nxf4
15. Qxf4 Bh6 16. Qg4 Bxc1 17. Rxc1 a6 18. Ne4 Nxd4 19. Nxd4 Qxd4 20. Rxc7 Qxe5
21. Rc5 Qxb2 22. Qh4 Qg7 23. Nf6 e5 24. Rxe5 Bf5 25. g4 g5 26. Qh5 Qxf6 27.
Rxf5 Qg6 28. Qh3 Rac8 29. Bd3 Rc1+ 30. Kg2 h6 31. Rd5 Qg7 32. Rd6 f6 33. Bf5
Rc7 34. Qb3 Re7 35. Rd3 b5 36. Rh3 Re5 37. Rh5 Qb7+ 38. f3 Kg7 39. Qd3 Qd5 40.
Qa3 Re2+ 41. Kh3 Qe5 0-1

[Event "7eme open international de La Fere"]
[Site "La Fere (FRA)"]
[Date "2008.07.12"]
[Round "9.42"]
[White "Rouffignac, Tanguy"]
[Black "Belloc, Sidonie"]
[Result "1/2-1/2"]
[WhiteElo "1640"]
[BlackElo "1804"]
[PlyCount "52"]
[EventDate "2008.??.??"]

1. e4 e6 2. d4 d5 3. e5 c5 4. c3 Nc6 5. Nf3 Qb6 6. a3 Nge7 7. b4 cxd4 8. cxd4
Nf5 9. Bb2 Be7 10. Nc3 Nfxd4 11. Nxd4 Qxd4 12. Qxd4 Nxd4 13. Nxd5 Nc2+ 14. Kd2
exd5 15. Kxc2 Bf5+ 16. Kb3 a6 17. Be2 Kd7 18. Bf3 Ke6 19. Rhd1 Rhd8 20. Rac1
Rd7 21. Be2 Bg5 22. Ra1 Bf4 23. Re1 Bd2 24. Red1 Bf4 25. Re1 Bd2 26. Red1 Bf4
1/2-1/2

[Event "7eme open international de La Fere"]
[Site "La Fere (FRA)"]
[Date "2008.07.12"]
[Round "9.43"]
[White "Blondel, Francis"]
[Black "Coquelle, Gilbert"]
[Result "1-0"]
[WhiteElo "1664"]
[BlackElo "1780"]
[PlyCount "57"]
[EventDate "2008.??.??"]

1. d4 d5 2. c4 e6 3. Nc3 Nf6 4. Bg5 Be7 5. cxd5 exd5 6. e3 O-O 7. Bd3 c6 8. Qc2
h6 9. Bh4 Be6 10. Nge2 Nbd7 11. Nf4 Rc8 12. Nxe6 fxe6 13. O-O c5 14. Qe2 Qe8
15. Rfe1 Nh7 16. Bg3 Rc6 17. Bb5 Rc8 18. Qg4 Bf6 19. Nxd5 exd5 20. Bxd7 Qd8 21.
Qe6+ Kh8 22. Bxc8 Qxc8 23. Qxc8 Rxc8 24. dxc5 Bxb2 25. Rab1 Bc3 26. Red1 Rxc5
27. Rdc1 b5 28. Bd6 Rc6 29. Bb4 1-0

[Event "7eme open international de La Fere"]
[Site "La Fere (FRA)"]
[Date "2008.07.12"]
[Round "9.44"]
[White "Lepere, Corentin"]
[Black "Eeckhout, Jean-Louis"]
[Result "0-1"]
[WhiteElo "1640"]
[BlackElo "1771"]
[PlyCount "38"]
[EventDate "2008.??.??"]

1. c4 c5 2. g3 g6 3. Bg2 Bg7 4. e3 e6 5. Ne2 Ne7 6. d4 cxd4 7. exd4 O-O 8. b4
Qc7 9. c5 a6 10. O-O Nbc6 11. a3 Nf5 12. Bb2 b6 13. Qd2 Bb7 14. Bc3 bxc5 15.
dxc5 e5 16. g4 Nh4 17. Bh1 Nd4 18. Nxd4 Bxh1 19. Kxh1 exd4 0-1

[Event "7eme open international de La Fere"]
[Site "La Fere (FRA)"]
[Date "2008.07.12"]
[Round "9.46"]
[White "Christophe, Lucie"]
[Black "Laufer, Maurice"]
[Result "1-0"]
[WhiteElo "1760"]
[BlackElo "1521"]
[PlyCount "77"]
[EventDate "2008.??.??"]

1. d4 f5 2. c4 Nf6 3. Nc3 e6 4. e3 Be7 5. Nf3 O-O 6. Bd3 d6 7. Qe2 Nbd7 8. O-O
b6 9. b3 Bb7 10. Bb2 Ne4 11. Rfe1 a6 12. Rad1 Qe8 13. Qc2 Nxc3 14. Bxc3 Bxf3
15. gxf3 Rf6 16. e4 Qh5 17. exf5 Rh6 18. Rxe6 Qg5+ 19. Kh1 Bf6 20. Bd2 Rxh2+
21. Kxh2 Qh4+ 22. Kg1 Nf8 23. Re4 Qh5 24. Rg4 c5 25. d5 Nd7 26. Be2 Re8 27. Be3
Re7 28. f4 Nf8 29. Kg2 Qe8 30. Re1 Bd4 31. Bxd4 cxd4 32. Qd3 Nd7 33. Qxd4 Nf6
34. Qxf6 Rf7 35. Qe6 Qf8 36. Bd3 Kh8 37. Qe8 Kg8 38. Qxf8+ Kxf8 39. Re6 1-0

[Event "7eme open international de La Fere"]
[Site "La Fere (FRA)"]
[Date "2008.07.12"]
[Round "9.47"]
[White "Dumas, Victor"]
[Black "Gaubert, Virginie"]
[Result "1-0"]
[WhiteElo "1756"]
[BlackElo "1550"]
[PlyCount "99"]
[EventDate "2008.??.??"]

1. e4 c5 2. Nf3 e6 3. d4 cxd4 4. Nxd4 Nc6 5. Nc3 Nf6 6. Be3 Bb4 7. Bd3 O-O 8.
O-O Bxc3 9. bxc3 b6 10. f4 Bb7 11. Qf3 Qc7 12. Nb5 Qb8 13. Qh3 d6 14. g4 d5 15.
e5 Ne4 16. Nd6 Ne7 17. Bxe4 dxe4 18. f5 Qc7 19. f6 Ng6 20. fxg7 Kxg7 21. Bh6+
Kg8 22. Bxf8 Rxf8 23. Qg3 Qc5+ 24. Kg2 Ba6 25. Rfe1 Nxe5 26. Nxe4 Bb7 27. Kh3
Bxe4 28. Rxe4 Ng6 29. Qe3 Qc7 30. Rf1 Rc8 31. c4 Qe7 32. Kg2 Qb4 33. Qf2 Rc7
34. h4 Qe7 35. Kh3 Qa3+ 36. Re3 Qe7 37. h5 Nf8 38. Qf4 h6 39. Qxh6 Nh7 40. Qf4
Ng5+ 41. Kg2 Rd7 42. Rf2 Rd8 43. Re5 Nh7 44. g5 Nf8 45. Re3 Nd7 46. Rg3 f5 47.
h6 Nf8 48. g6 Qf6 49. h7+ Kg7 50. h8=Q+ 1-0

[Event "7eme open international de La Fere"]
[Site "La Fere (FRA)"]
[Date "2008.07.12"]
[Round "9.48"]
[White "Delahaye, Marc"]
[Black "Jimenez, Martin"]
[Result "1/2-1/2"]
[WhiteElo "1610"]
[BlackElo "1750"]
[PlyCount "86"]
[EventDate "2008.??.??"]

1. c4 c6 2. e4 d5 3. cxd5 cxd5 4. exd5 Nf6 5. Nc3 Nxd5 6. Nf3 Nc6 7. Bc4 Nb6 8.
Bb3 g6 9. d4 Bg7 10. Be3 Bg4 11. Bxf7+ Kf8 12. Bb3 e5 13. d5 Ne7 14. h3 Bf5 15.
O-O e4 16. Ng5 Bxc3 17. bxc3 Nexd5 18. Qd4 Nxe3 19. Qxd8+ Rxd8 20. fxe3 Kg7 21.
Nf7 Rd3 22. Nxh8 Kxh8 23. Rad1 Rxe3 24. Rd8+ Kg7 25. Rb8 Bc8 26. Rd1 Rxc3 27.
Kf2 a5 28. Rd6 a4 29. Rxb6 axb3 30. Rxb3 Rc2+ 31. Ke3 Bf5 32. R8xb7+ Kh6 33.
Rb2 Rc3+ 34. Kd2 Rg3 35. Ke1 g5 36. R7b3 e3 37. Re2 Bxh3 38. Rexe3 Rxe3+ 39.
Rxe3 Bxg2 40. a4 g4 41. Kf2 Ba8 42. Kg3 Kg5 43. Re5+ Kf6 1/2-1/2

[Event "7eme open international de La Fere"]
[Site "La Fere (FRA)"]
[Date "2008.07.12"]
[Round "9.52"]
[White "Cassol, Robert"]
[Black "Dagnicourt, Francis"]
[Result "0-1"]
[WhiteElo "1440"]
[BlackElo "1808"]
[PlyCount "70"]
[EventDate "2008.??.??"]

1. e4 d6 2. d4 Nf6 3. Nc3 g6 4. Be3 Bg7 5. Bc4 O-O 6. Nge2 c6 7. Qd2 b5 8. Bb3
b4 9. Na4 Qa5 10. c3 Nxe4 11. Qc1 Bd7 12. O-O c5 13. f3 Nf6 14. Nf4 Bxa4 15.
Bxa4 Qxa4 16. b3 Qa5 17. c4 Nfd7 18. Qd2 Nc6 19. Rad1 Nf6 20. d5 Ne5 21. Nh3
Qc7 22. Bh6 a5 23. Bxg7 Kxg7 24. Qg5 a4 25. Nf4 axb3 26. h4 h6 27. Qg3 bxa2 28.
Qh3 Ra3 29. g4 Nexg4 30. Qg2 Ne3 31. Nh5+ Nxh5 32. Qb2+ Kh7 33. Kh1 Nxf1 34.
Rxf1 Ng3+ 35. Kg2 Nxf1 0-1